UBT Library

Anthropological linguistics : (Record no. 43595)

000 -LEADER
fixed length control field 00811cam a2200253 a 4500
001 - CONTROL NUMBER
control field 4945934
005 - DATE AND TIME OF LATEST TRANSACTION
control field 20180227071233.0
008 - FIXED-LENGTH DATA ELEMENTS--GENERAL INFORMATION
fixed length control field 960812s1997 mau b 001 0 eng
010 ## - LIBRARY OF CONGRESS CONTROL NUMBER
LC control number 96041302
020 ## - INTERNATIONAL STANDARD BOOK NUMBER
International Standard Book Number 0631151214
020 ## - INTERNATIONAL STANDARD BOOK NUMBER
International Standard Book Number 0631151222 (pbk.)
040 ## - CATALOGING SOURCE
Original cataloging agency DLC
Transcribing agency DLC
Modifying agency DLC
041 ## - LANGUAGE CODE
Language code of text/sound track or separate title eng
080 ## - UNIVERSAL DECIMAL CLASSIFICATION NUMBER
Universal Decimal Classification number 306.44089 WIL
082 00 - DEWEY DECIMAL CLASSIFICATION NUMBER
Classification number 306.44089 WIL
Edition number 20
100 1# - Rafti
Rafti 23
101 ## - Shkurtesa
Shkurtesa ant
245 10 - TITLE STATEMENT
Title Anthropological linguistics :
Statement of responsibility, etc William A. Foley.
504 ## - BIBLIOGRAPHY, ETC. NOTE
Bibliography, etc Includes bibliographical references (p. [435]-468) and index.
906 ## - LOCAL DATA ELEMENT F, LDF (RLIN)
a 7
b cbc
c orignew
d 1
e ocip
f 19
g y-gencatlg
942 ## - ADDED ENTRY ELEMENTS (KOHA)
Source of classification or shelving scheme
Item type Books
Holdings
Withdrawn status Lost status Source of classification or shelving scheme Damaged status Not for loan Collection code Permanent location Current location Shelving location Date acquired Total Checkouts Full call number Barcode Date last seen Price effective from Koha item type
          Koleksioni i përgjithshem UBT - Lipjan UBT - Lipjan Koleksioni i përgjithshem 02/27/2018   306.44089 WIL 002-3000071 02/27/2018 02/27/2018 Books
UBT Library © 2015-2024. All rights reserved University Education for Business and Technology